Bridgerton Episodes - Statistics

General Stats
  • This quiz has been taken 61 times
  • The average score is 13 of 24
Answer Stats
Hint Answer % Correct
S01E05 The Duke and I
91%
S02E08 The Viscount Who Loved Me
91%
S01E01 Diamond of the First Water
63%
S03E06 Romancing Mister Bridgerton
59%
S02E01 Capital R Rake
56%
S03E05 Tick Tock
56%
S01E08 After the Rain
53%
S03E04 Old Friends
53%
S01E04 An Affair of Honor
50%
S02E07 Harmony
50%
S03E08 Into the Light
50%
S03E07 Joining of Hands
50%
S03E01 Out of the Shadows
50%
S01E06 Swish
50%
S02E04 Victory
50%
S02E03 A Bee in Your Bonnet
47%
S01E03 Art of the Swoon
47%
S03E03 Forces of Nature
47%
S02E02 Off to the Races
47%
S01E02 Shock and Delight
47%
S03E02 How Bright the Moon
44%
S01E07 Oceans Apart
44%
S02E06 The Choice
44%
S02E05 An Unthinkable Fate
41%
No matching quizzes found
Score Distribution
Percent of People with Each Score
Percentile by Number Answered
Your Score History
You have not taken this quiz